1653 1304 1902 1694 1189 1509 1966 1942 1915 1789 1118 1862 1230 1054 1313 1858 1702 1129 1195 1975 1882 1100 1346 1338 1644 1546 1073 1437 1026 1891 1959 1306 1910 1264 1259 1489 1723 1988 1633 1329 1452 1039 1282 1829 1968 1650 1468 1586 1391 1481 1087 1790 1561 1879 1102 1469 1082 1080 1985 1675 1629 1878 1279 1473 1312 1320 1926 1210 1888 1679 1296 1545 1657 1744 1533 1594 1742 1258 1934 1692 1686 1645 1121 1096 1944 1999 1924 1618 1167 1222 1780 1863 1286 1543 1852 1465 1245 1148 1965 BCNSPRNW ULIB Ver.6.0+V

เปลี่ยนเป็นภาษาไทย

Change to English
 แสดงรายละเอียดบรรณานุกรม
  กลับหน้าหลัก

Brief Record : Get Marc (ISO 2709) : E-mail record : QR code < ปิดหน้าต่าง
LEADER : 00000nam 2200000uu 4500
001    13399111853
003     ULIB
008    110627s2552||||th 000 0 tha d
020    978611500005
090    นว.^bณ429ร 2552
100 0  ณารา
245 00 รอยรักหักเหลี่ยมตะวัน/^cณารา
250    พิมพ์ครั้งที่ 4
260    กรุงเทพฯ :^bพิมพ์คำ,^c2552
300    550 หน้า
945    ^p340^l0^i026734
995    ทศพร
999 ^a ใช้งานได้ทุกระบบ
รายการนี้ยังไม่มีแท็ก
คุณยังไม่ได้ล็อกอิน คุณสามารถมีกิจกรรมร่วมกับเว็บไซต์ได้ แต่ต้องล็อกอินก่อน ::
  ล็อกอิน

รายการสื่อสารสนเทศ

ลำดับที่ ประเภท เลขเรียก/บาร์โค้ด สถานที่ สถานะ
- ไม่พบข้อมูล -

รายการใกล้เคียง
    ผู้แต่ง [ณารา]

BibComment


ยังไม่เคยถูกคอมเมนท์

คอมเมนท์ทรัพยากรรายการนี้
  คอมเมนท์: รอยรักหักเหลี่ยมต..


 Copyright 2026. Bcnsprnw @Library